| 000 | 00424nam a22001337a 4500 | ||
|---|---|---|---|
| 040 | _cNUST | ||
| 082 | _a220 PRO | ||
| 100 |
_aAreeb Ahmad Muhammad Hanzalah Qayyum _985686 |
||
| 110 |
_a Project Supervisor Dr. Sarmad Majeed Malik _985687 |
||
| 245 | _aPR-SOF-2067-Demand Response for Energy Management in Smart Grid | ||
| 260 |
_aISLAMABAD: _bNUST COLLEGE OF EME, _c2021. |
||
| 650 |
_aDE-ELECT-39 _985688 |
||
| 942 |
_2ddc _cPR |
||
| 999 |
_c587057 _d587057 |
||